[Event "FIDE Chesscom Grand Swiss 2019"]
[Site "Douglas-Isle of Man"]
[Date "2019.10.18"]
[Round "8.21"]
[White "Howell, David W L"]
[Black "Bluebaum, Matthias"]
[Result "1-0"]
[WhiteElo "2694"]
[BlackElo "2643"]
[Annotator "TA"]
[PlyCount "79"]
[EventDate "2019.10.10"]
[EventType "swiss"]
[EventCountry "GBR"]
[SourceTitle "playchess.com"]
[Source "ChessBase"]
[SourceQuality "1"]

{[%evp 9,79,17,14,10,12,0,5,0,0,0,0,0,0,0,0,-4,0,0,0,0,-12,-16,0,0,0,0,26,19,38,24,58,56,56,48,49,58,37,37,67,68,70,62,66,80,82,80,71,79,79,75,85,78,104,102,103,68,78,72,106,98,130,110,110,108,151,148,241,183,253,253,572,547]} 1. c4 e6 2. g3 d5 3. Bg2 Nf6 4. Nf3 dxc4 5. Qa4+ Bd7 6. Qxc4 {A13: English Opening: 1...e6} c5 7. Ne5 Qc8 8. O-O {The position is equal.} (8. Qd3 Nc6 9. Nxd7 Nxd7 10. b3 Be7 11. Bb2 O-O 12. Nc3 Rd8 13. Rc1 Nf6 {½-½ (45) Cheparinov,I (2711)-Grandelius,N (2678) Germany 2019}) 8... Nc6 9. Nxd7 Qxd7 10. Nc3 Rc8 11. d3 Be7 12. Bg5 $146 ({Predecessor:} 12. Qa4 O-O 13. Bg5 Rfd8 {0-1 (43) Ennsberger,U (2343)-Spindelboeck,G (2254) Austria 2016}) 12... b6 13. Qa4 O-O 14. Rfc1 Rfd8 15. Kf1 Nd5 16. Bd2 Bf6 17. Rab1 Qe7 18. Ne4 Be5 19. a3 h6 20. b4 $1 f5 21. Nc3 Bxc3 $1 22. Bxc3 cxb4 23. Be1 Qd6 24. axb4 Ndxb4 25. Bxb4 Nxb4 26. Qxa7 Nd5 27. Rxc8 Rxc8 28. Bf3 Qc6 {[#] Hoping for ...Ra8.} 29. Kg1 Qc2 30. Qa1 Kh7 31. Kg2 Qc5 32. Qa6 Rc6 33. h4 Rd6 34. h5 Nc3 35. Rc1 {Black must now prevent Qa1.} Rd8 36. Qa7 Kh8 37. Qf7 Qe5 (37... b5 $16 {was necessary.} 38. Ra1 (38. Qxe6 b4 $16) 38... b4) 38. Qe7 Rb8 {[#]} (38... Rg8 $142 39. Qd7 Qc5 40. Qxe6 b5 41. Rxc3 Qxc3) 39. d4 $1 $18 {[%mdl 576] Deflection} Qxd4 $2 (39... Nd5 40. Qd7 (40. dxe5 Nxe7 41. Rc7 Nd5 $16) 40... Qf6) 40. Qc7 {[%mdl 64] Double Attack. Accuracy: White = 88%, Black = 58%.} 1-0

[Event "FIDE Chesscom Grand Swiss 2019"]
[Site "Douglas-Isle of Man"]
[Date "2019.10.18"]
[Round "8.21"]
[White "Jones, Gawain C B"]
[Black "Clarke, Brandon G I"]
[Result "1-0"]
[WhiteElo "2688"]
[BlackElo "2445"]
[Annotator "TA"]
[PlyCount "65"]
[EventDate "2019.10.10"]
[EventType "swiss"]
[EventCountry "GBR"]
[SourceTitle "playchess.com"]
[Source "ChessBase"]
[SourceQuality "1"]

{[%evp 18,65,25,10,25,25,27,13,11,14,28,22,34,16,28,23,25,16,16,4,20,8,5,0,0,0,0,3,10,0,3,0,0,0,0,0,12,9,33,17,20,20,46,53,92,123,693,682,661,652]} 1. e4 c5 2. Nf3 d6 3. Bb5+ Nd7 4. d4 cxd4 5. Qxd4 a6 6. Bxd7+ Bxd7 7. Nc3 e5 8. Qd3 h6 9. O-O ({Predecessor:} 9. Nd2 Rc8 10. Nc4 Be6 11. Ne3 Nf6 12. O-O Be7 13. a4 Qc7 14. Rd1 {½-½ (37) Banzea,A (2401)-Ileana,G (2349) Mamaia 2019}) 9... Nf6 10. a4 Be7 {B51: Sicilian: Moscow Variation (3 Bb5+) without 3...Bd7} 11. Nd2 Rc8 12. Rd1 Qc7 {The position is equal.} 13. Nf1 O-O 14. Ne3 Be6 15. Bd2 Bc4 $146 (15... Rfd8 16. Be1 {½-½ (43) Leko,P (2702)-Cheparinov,I (2629) Hengshui 2019}) 16. Nxc4 Qxc4 17. Qxc4 Rxc4 18. f3 Rfc8 19. Be1 Kf8 20. Bh4 g5 21. Bf2 d5 22. exd5 {And now d6 would win.} Bb4 23. d6 {Threatening Nd5.} Rd8 24. Bg3 Bxc3 25. bxc3 Nd7 26. a5 $36 {[%mdl 2048] White fights for an advantage.} f6 27. Rab1 Rxc3 28. Rxb7 {[#] Strongly threatening Rc7.} Rxc2 29. Bf2 Ke8 30. Bb6 Rb2 {[#]} 31. Rc1 $1 Nxb6 $4 {[%mdl 8192]} (31... Ra8 $16) 32. axb6 $18 Rxd6 {With the idea ...Kd8.} 33. Rh7 {Accuracy: White = 78%, Black = 54%.} 1-0

[Event "FIDE Chesscom Grand Swiss 2019"]
[Site "Douglas-Isle of Man"]
[Date "2019.10.18"]
[Round "8.22"]
[White "Nguyen, Ngoc Truong Son"]
[Black "Grandelius, Nils"]
[Result "1/2-1/2"]
[WhiteElo "2638"]
[BlackElo "2691"]
[Annotator "TA"]
[PlyCount "61"]
[EventDate "2019.10.10"]
[EventType "swiss"]
[EventCountry "GBR"]
[SourceTitle "playchess.com"]
[Source "ChessBase"]
[SourceQuality "1"]

{[%evp 15,61,22,27,22,16,24,23,0,7,10,0,17,18,8,12,-2,17,9,9,9,12,6,10,0,34,0,0,0,0,-3,4,0,8,5,10,11,13,0,0,0,0,0,0,0,0,0,0,0]} 1. d4 Nf6 2. c4 g6 3. Nf3 Bg7 4. Nc3 d5 5. cxd5 Nxd5 6. e4 Nxc3 7. bxc3 c5 8. Be3 Qa5 9. Nd2 {D85: Exchange Grünfeld: Unusual White 7th moves and lines with 7 Nf3} cxd4 10. Nc4 Qa6 $146 ({But not} 10... Qxc3+ $2 11. Bd2 $18) ({Predecessor:} 10... Qd8 11. cxd4 O-O 12. Rc1 f5 13. Qb3 f4 14. Nb6+ e6 15. Rxc8 Qxb6 16. Rxf8+ Kxf8 17. Qxb6 axb6 18. Bxf4 {½-½ (26) Ponkratov,P (2601)-Dubov,D (2696) Sochi 2018}) 11. cxd4 {White has an edge.} O-O $1 12. Rb1 b5 13. Nd2 Bd7 14. Qb3 {[%cal Rf1b5]} Rc8 15. Nf3 {[%cal Rf1b5]} Qb7 16. Bxb5 Bxb5 17. Qxb5 Qxe4 18. O-O {White wants to play Rbc1.} a6 19. Qb3 e6 20. d5 (20. Ng5 $5 {[%cal Rg5e4]} Qd5 21. Qb7 Qxb7 22. Rxb7 $14) 20... Qxd5 {The position is equal.} 21. Qxd5 exd5 22. Rfd1 Nc6 23. Rxd5 Rab8 (23... Bf8 {is more complex.} 24. Rd7 Rd8 25. Rdb7 Na5 26. Rc7 Rac8) 24. Rxb8 Rxb8 25. g3 Bf8 26. Ne5 Nxe5 27. Rxe5 Rc8 28. Rd5 h5 29. a4 Be7 30. Bb6 Rc6 31. Bd8 {Accuracy: White = 57%, Black = 78%.} 1/2-1/2

[Event "FIDE Chesscom Grand Swiss 2019"]
[Site "Douglas-Isle of Man"]
[Date "2019.10.18"]
[Round "8.22"]
[White "Kashlinskaya, Alina"]
[Black "Huschenbeth, Niclas"]
[Result "1/2-1/2"]
[WhiteElo "2481"]
[BlackElo "2624"]
[Annotator "TA"]
[PlyCount "95"]
[EventDate "2019.10.10"]
[EventType "swiss"]
[EventCountry "GBR"]
[SourceTitle "playchess.com"]
[Source "ChessBase"]
[SourceQuality "1"]

{[%evp 10,95,8,0,41,35,41,45,37,27,31,45,40,38,112,24,34,26,35,17,43,0,0,0,0,0,5,-25,-23,-20,12,15,8,-99,-95,-105,-88,-45,-44,-96,0,0,0,-145,-145,-227,-208,-248,-243,-258,-251,-346,-330,-316,-154,-154,-150,-157,-165,-147,-125,-125,-68,-66,-72,-76,-67,-70,-41,-72,-14,-32,0,0,0,0,0,0,0,0,0,0,0,0,0,0,0,-29978]} 1. d4 Nf6 2. c4 e6 3. Nc3 Bb4 4. Qc2 d5 5. a3 Bxc3+ 6. Qxc3 c5 {E36: Nimzo-Indian: Classical: 4...d5 5 a3} (6... O-O 7. Nf3 dxc4 8. Qxc4 b6 9. Bg5 Bb7 10. Rd1 Nbd7 11. Ne5 h6 12. Bh4 c5 13. Nxd7 Qxd7 14. Bxf6 gxf6 15. dxc5 Qc7 16. h4 Rfd8 17. Rxd8+ Rxd8 {½-½ (30) Yu,Y (2763)-Ding,L (2811) Khanty-Mansiysk 2019}) 7. dxc5 d4 8. Qg3 Nc6 {White is slightly better.} 9. Nf3 e5 10. b4 e4 11. Nd2 Be6 (11... O-O $14) 12. Qd6 $146 (12. Qxg7 $16 Rg8 13. Qh6) ({Predecessor:} 12. e3 Nh5 13. Qd6 Qh4 14. g3 {0-1 (36) Goryachkina,A (2504)-Moiseenko,A (2648) Skopje 2019}) 12... e3 13. fxe3 dxe3 14. Nf3 Ng4 15. Bb2 Qxd6 16. cxd6 Bxc4 17. Rc1 b5 18. Nd4 Nxd4 19. Bxd4 O-O-O 20. Bc5 Kb7 21. Rxc4 (21. a4 $11 {keeps the balance.}) 21... bxc4 $17 22. g3 Kc6 23. Bg2+ Kb5 24. O-O {[#]} (24. Rf1 $15 Ne5 25. Rf4) 24... Ka4 ({Better is} 24... Nf6 $1 $17 25. Rc1 Rhe8) 25. Rb1 $11 Kxa3 26. Be4 (26. b5+ $1 $11 Ka2 27. Rc1) 26... Nf6 $17 27. Bc2 (27. Bf5 $17 {keeps fighting.}) 27... Nd5 $19 28. b5+ Ka2 29. Bd4 {[%csl Gd4][%cal Rb1a1]} c3 30. Bc5 Rd7 31. Rd1 Kb2 (31... Nb6 $19 {...Re8 is the strong threat.} 32. Bxe3 Rhd8) 32. Bf5 $17 c2 33. Bxc2 Kxc2 34. Rxd5 {[%mdl 4096] Endgame KRR-KRB} Rhd8 35. Rd3 {[#]} Rb8 (35... Rb7 $1 $17 36. Bxe3 Rxb5 37. Bxa7 Rb1+ 38. Kf2 Rd1) 36. Bxe3 $15 Rxb5 {Strongly threatening ...a5.} 37. Bxa7 Rb3 (37... Rxa7 38. d7 $11) (37... Rbb7 $5 {[%cal Rb7a7]} 38. Bc5 Rb3 $17) 38. Rd5 Kc3 39. Kg2 Rb2 ({Of course not} 39... Rxa7 40. d7 $11) (39... Kc4 $17 40. Rc5+ Kb4) 40. Kf3 $1 $11 Rd2 41. Rxd2 {The position is equal.} Kxd2 {KR-KB} 42. Bb8 $1 Kc3 {Hoping for ...Kd4.} 43. Ke4 {aiming for Kd5.} Kc4 44. Bc7 Kc5 45. Ke5 Kc6 46. g4 h6 47. h4 Rxc7 48. Ke4 $2 {[%mdl 40960] Accuracy: White = 50%, Black = 41%. . An unexpected result.} (48. dxc7 $11 Kxc7 49. Kd5) 1/2-1/2

[Event "FIDE Chesscom Grand Swiss 2019"]
[Site "Douglas-Isle of Man"]
[Date "2019.10.18"]
[Round "8.23"]
[White "Sargissian, Gabriel"]
[Black "Lupulescu, Constantin"]
[Result "1/2-1/2"]
[WhiteElo "2690"]
[BlackElo "2643"]
[Annotator "TA"]
[PlyCount "87"]
[EventDate "2019.10.10"]
[EventType "swiss"]
[EventCountry "GBR"]
[SourceTitle "playchess.com"]
[Source "ChessBase"]
[SourceQuality "1"]

{[%evp 9,87,0,20,11,16,14,8,12,20,23,26,27,22,18,14,4,29,19,47,42,44,36,31,34,42,39,47,15,46,20,20,16,20,16,24,15,10,10,16,8,11,8,9,0,0,0,0,0,12,0,9,0,0,0,0,0,0,0,0,0,0,0,0,0,0,0,0,0,0,0,2,0,0,0,21,0,0,0,0,0]} 1. d4 Nf6 2. c4 e6 3. Nf3 d5 4. g3 Bb4+ 5. Bd2 Bd6 (5... Be7 6. Bg2 O-O 7. O-O Nbd7 8. a4 a5 9. Qc2 c6 10. Na3 Ne4 11. Bf4 g5 12. Be3 f5 13. Rad1 Qe8 14. Qc1 h6 15. Ne5 Kh7 {½-½ (104) Nakamura,H (2743)-Karjakin,S (2750) Saint Louis 2019}) 6. Nc3 {E01: Catalan: Early deviations} O-O 7. Bg5 Be7 8. Bg2 h6 9. Bxf6 Bxf6 10. O-O $146 ({Predecessor:} 10. e4 dxc4 11. e5 Be7 12. Qe2 Bd7 13. Qxc4 {1-0 (54) Kuzubov,Y (2636)-Parligras,M (2629) Mamaia 2019}) 10... c6 11. Qc2 Nd7 12. Rfd1 dxc4 13. Ne4 Nb6 14. Ne5 Be7 15. Nxc4 (15. Rac1 {looks sharper.} Qc7 16. Nd2 Bd7 17. Ndxc4 Rfd8 18. e3) 15... Nxc4 16. Qxc4 Bd7 17. Nc5 Qc7 18. b4 Rfd8 19. Qc3 a5 20. a3 Be8 21. e3 Ra7 22. Nb3 axb4 {The position is equal.} 23. axb4 Rda8 24. Rxa7 Rxa7 25. Nc5 Qb8 26. Ra1 Qa8 27. Rxa7 Qxa7 28. Bf3 g6 29. h4 h5 30. Kg2 b6 31. Nd3 Qa4 32. Be2 Bd6 33. Kf1 Kf8 34. Ke1 Ke7 35. Bd1 Qa6 36. Bf3 Qa4 37. Kf1 Kd8 38. Kg2 Ke7 39. Qb2 Kd8 40. Qc3 Ke7 41. e4 Kd8 42. e5 Be7 43. Be4 Bd7 44. Bf3 {Accuracy: White = 49%, Black = 68%.} 1/2-1/2

[Event "FIDE Chesscom Grand Swiss 2019"]
[Site "Douglas-Isle of Man"]
[Date "2019.10.18"]
[Round "8.23"]
[White "Erenberg, Ariel"]
[Black "Vovk, Andriy"]
[Result "0-1"]
[WhiteElo "2463"]
[BlackElo "2618"]
[Annotator "TA"]
[PlyCount "100"]
[EventDate "2019.10.10"]
[EventType "swiss"]
[EventCountry "GBR"]
[SourceTitle "playchess.com"]
[Source "ChessBase"]
[SourceQuality "1"]

{[%evp 23,100,22,41,8,19,13,36,7,6,12,77,54,68,64,122,121,137,124,140,128,237,83,68,48,63,26,28,23,29,6,11,-14,-4,-55,-47,-79,-33,-16,-39,-91,-5,-47,-47,-44,-34,-112,-116,-155,-147,-162,-161,-197,-166,-177,-171,-246,-241,-250,-250,-282,-291,-274,-267,-374,-302,-346,-356,-358,-362,-373,-370,-347,-365,-479,-468,-507,-512,-469,-376]} 1. d4 Nf6 2. c4 g6 3. g3 Bg7 4. Bg2 O-O 5. Nc3 d6 6. Nf3 Nbd7 7. O-O e5 8. e4 exd4 9. Nxd4 Nc5 10. h3 Re8 11. Re1 Bd7 12. b3 a5 13. Bf4 {E68: King's Indian: Fianchetto: 6...Nbd7 7 0-0 e5 8 e4} h6 14. Rb1 Nh7 (14... a4 15. Kh2 axb3 16. axb3 h5 17. Qd2 h4 18. gxh4 Nh5 19. Bg5 Be5+ 20. f4 Qxg5 21. hxg5 Bxf4+ 22. Qxf4 Nxf4 {½-½ (58) Wang,H (2726)-Radjabov,T (2788) Istanbul 2012}) 15. Qd2 {White is slightly better.} Ng5 {[#]} 16. Rbd1 $146 ({Predecessor:} 16. h4 Bxd4 17. hxg5 Bxc3 18. Qxc3 hxg5 19. Bc1 f6 20. Bb2 {½-½ (47) Svane,R (2555)-Gupta,A (2634) London 2016}) 16... Kh7 (16... Nxh3+ $11 {remains equal.} 17. Bxh3 Bxh3) 17. Kh2 $16 Nge6 18. Be3 Ng5 (18... Nxd4 $14 19. Bxd4 Bc6) 19. Qc2 Kg8 20. f4 Nge6 21. Ndb5 g5 (21... h5 $16 {keeps fighting.} 22. Kg1 Na6) 22. f5 $2 {[#]} (22. Qf2 $18 {and White stays clearly on top.}) 22... Nf8 23. a3 Be5 24. b4 axb4 25. axb4 Bxb5 26. Nxb5 Na6 27. Qd2 Qf6 28. c5 (28. Bd4 $11) 28... Red8 $15 {Hoping for ...dxc5.} 29. Qf2 dxc5 (29... Nxb4 $5 {[%cal Rd6c5]} 30. Nxc7 Ra3 $11) 30. bxc5 Nd7 31. Re2 (31. Qc2 $15) 31... Qe7 ({Black should play} 31... Ndxc5 $17 32. Rxd8+ Rxd8 33. Bxc5 c6) 32. Red2 (32. c6 $5 bxc6 33. Nd4 $11) 32... Nf6 33. Bd4 {With the idea Bxe5.} Re8 34. Be3 (34. Rc1 $15) 34... Nh5 $17 35. Kg1 Bxg3 36. Qf3 Bf4 37. Rd7 Bxe3+ 38. Qxe3 Qe5 39. Qb3 (39. Qd4 {was necessary.}) 39... Qxc5+ $19 40. Kh1 Re7 41. Nc3 {[#] White wants to play Rxe7.} Rxd7 $1 42. Rxd7 Rf8 43. Nd5 (43. Qb2 {is a better defense.} Qe5 44. Rd2) 43... Qc1+ 44. Kh2 Nc5 {[%mdl 64] Double Attack} 45. Qd1 Qxd1 46. Ne7+ Kg7 47. Rxd1 Re8 48. Nd5 c6 {Black is clearly winning.} 49. Nc3 Nf4 50. Bf3 Nfd3 {Accuracy: White = 34%, Black = 66%.} 0-1

[Event "FIDE Chesscom Grand Swiss 2019"]
[Site "Douglas-Isle of Man"]
[Date "2019.10.18"]
[Round "8.24"]
[White "Ragger, Markus"]
[Black "Sadhwani, Raunak"]
[Result "1-0"]
[WhiteElo "2684"]
[BlackElo "2479"]
[Annotator "TA"]
[PlyCount "59"]
[EventDate "2019.10.10"]
[EventType "swiss"]
[EventCountry "GBR"]
[SourceTitle "playchess.com"]
[Source "ChessBase"]
[SourceQuality "1"]

{[%evp 10,59,22,26,40,28,29,19,36,12,23,0,43,14,45,41,32,32,40,45,45,29,68,0,-10,-7,145,146,141,142,156,153,152,151,155,150,173,176,181,170,281,268,373,372,363,365,363,356,379,402,524,408]} 1. e4 c6 2. Nc3 d5 3. Nf3 dxe4 4. Nxe4 Nf6 5. Qe2 Nxe4 6. Qxe4 Be6 {B11: Caro-Kann: Two Knights Variation} (6... Qa5 7. Qh4 Nd7 8. Bc4 Ne5 9. Be2 Nxf3+ 10. Bxf3 Bf5 11. O-O Bxc2 12. d4 e6 13. Qg3 Bg6 14. h4 {1-0 (48) Wei,Y (2721)-Vachier Lagrave,M (2774) chess.com INT 2019}) 7. b3 Nd7 8. Bb2 Nf6 {The position is equal.} 9. Qe2 Bf5 10. Ne5 $146 ({Predecessor:} 10. Nh4 Bg4 11. f3 Bd7 12. g3 e6 13. Nf5 Qa5 14. Ne3 {½-½ (75) Harika,D (2498)-Khotenashvili,B (2477) Khanty-Mansiysk 2018}) 10... Qd5 11. O-O-O (11. c4 $5 {[%cal Rc4d5]} Qe6 12. Rd1 $14) 11... Qe4 {[%csl Gf5][%cal Re4c2]} (11... e6 {keeps more tension.} 12. d3 h5 13. Nc4 Be7 14. Ne3 Qc5) 12. d3 Qxe2 $1 13. Bxe2 h5 14. h3 h4 15. Bf3 $36 {[%mdl 2048] Black must now prevent Nxc6! White fights for an advantage.} Rc8 16. g4 (16. Rde1 $14) 16... hxg3 $1 $11 17. fxg3 g6 $2 (17... Rxh3 $11 18. Rxh3 Bxh3) 18. g4 $16 Bh6+ 19. Kb1 Be6 20. h4 Bg7 {[#]} 21. Rde1 $1 Bd5 22. g5 Nh5 23. Bg4 Rd8 24. Rhf1 {And now c4 would win.} Rg8 {[#]} (24... Bxe5 $142 25. Bxe5 Rh7) 25. Ba3 $1 $18 Bf8 26. c4 Be6 27. Bxe6 fxe6 28. Rf3 Rd4 29. Ref1 Rxh4 {[#]} 30. Rxf8+ $1 {[%mdl 512] Accuracy: White = 57%, Black = 35%.} 1-0

[Event "FIDE Chesscom Grand Swiss 2019"]
[Site "Douglas-Isle of Man"]
[Date "2019.10.18"]
[Round "8.24"]
[White "Durarbayli, Vasif"]
[Black "Danielian, Elina"]
[Result "1-0"]
[WhiteElo "2617"]
[BlackElo "2385"]
[Annotator "TA"]
[PlyCount "67"]
[EventDate "2019.10.10"]
[EventType "swiss"]
[EventCountry "GBR"]
[SourceTitle "playchess.com"]
[Source "ChessBase"]
[SourceQuality "1"]

{[%evp 12,67,29,22,24,20,36,29,23,17,34,0,0,0,57,57,57,52,58,58,86,81,82,82,80,80,75,82,185,178,170,185,189,187,202,197,227,227,243,232,379,396,385,361,370,298,566,554,800,777,851,847,822,785,1662,1620,29990,1310]} 1. e4 c6 2. d4 d5 3. e5 Bf5 4. Nf3 e6 5. Be2 Nd7 6. O-O h6 7. Nbd2 Ne7 {B12: Caro-Kann: Advance Variation} 8. Re1 (8. Nb3 g5 9. a4 Bg7 10. a5 O-O 11. c3 Qc7 12. h4 g4 13. Ne1 h5 14. Nd3 Ng6 {0-1 (47) Alekseenko,K (2668)-Artemiev,V (2757) Izhevsk 2019}) 8... Qc7 9. b3 Ng6 $146 {White has an edge.} ({Predecessor:} 9... g5 10. Nf1 O-O-O 11. a4 Bh7 12. b4 Kb8 13. c3 Ng6 14. Ng3 Ne7 15. Nd2 {½-½ (58) Kubacsny,L (2335)-Kallai,G (2505) Hungary 1999}) 10. Bf1 Be7 11. c4 O-O 12. h3 Nh4 ({Black should play} 12... f6 $11) 13. Nxh4 $14 Bxh4 14. Ba3 {Strongly threatening Nf3.} Rfe8 15. Bd6 Qd8 16. c5 a5 17. a3 b6 18. Nf3 Be7 19. b4 {[%cal Bb3b4,Bb4b5][%mdl 32]} Qc8 (19... a4 $16) 20. b5 $1 $18 bxc5 21. dxc5 Nxc5 22. Rc1 $1 Ne4 23. Rxc6 Qd7 {[%cal Re4d6] [#]} 24. Bxe7 $1 Qxe7 25. Qc1 f6 (25... Reb8 $142 26. Nd4 Bg6) 26. Rc7 Qf8 27. Qb2 Rab8 28. Rec1 a4 $2 (28... Rb6 {was called for.} 29. exf6 Qxf6 30. Qxf6 Nxf6) 29. b6 fxe5 30. Nxe5 Qf6 31. Rf7 Rxb6 32. Qd4 Qg5 33. Rcc7 {White threatens Ng6 and mate.} Rb1 {[#]} 34. h4 {Accuracy: White = 81%, Black = 22%.} (34. Ng6 $142 $1 {[%mdl 512]} Rxf1+ (34... Bxg6 35. Qxg7#) 35. Kxf1 Qc1+ 36. Rxc1 e5 37. Nxe5 Bd7 38. Rxd7 Kh7 39. Rcc7) 1-0

[Event "FIDE Chesscom Grand Swiss 2019"]
[Site "Douglas-Isle of Man"]
[Date "2019.10.18"]
[Round "8.25"]
[White "Sethuraman, S.P."]
[Black "Korobov, Anton"]
[Result "1/2-1/2"]
[WhiteElo "2624"]
[BlackElo "2679"]
[Annotator "TA"]
[PlyCount "207"]
[EventDate "2019.10.10"]
[EventType "swiss"]
[EventCountry "GBR"]
[SourceTitle "playchess.com"]
[Source "ChessBase"]
[SourceQuality "1"]

{[%evp 15,207,18,62,53,42,39,42,39,45,48,55,56,60,43,52,45,47,58,61,46,46,46,52,52,56,35,52,54,53,39,54,0,55,56,57,57,64,0,0,19,30,-7,-6,-18,-6,-18,0,-20,-22,-14,0,0,0,0,0,-11,-8,-13,0,0,7,-29,-37,-26,-41,-55,-43,-60,-47,-64,-64,-64,-64,-64,-64,-64,-64,-64,-64,-64,-64,-105,-105,-105,-105,-103,-103,-100,-89,-123,-135,-119,-119,-129,-149,-115,-108,-108,-108,-108,-114,-183,-172,-146,-185,-166,-117,-117,-105,-135,-131,-135,-104,-104,-104,-104,-104,-104,-104,-104,-104,-104,-104,-104,-104,-104,-104,-104,-104,-104,-104,-104,-104,-111,-104,-104,-104,-104,-104,-111,-104,-104,-97,-104,-104,-104,-104,-104,-89,-104,-8,-104,-104,-104,-104,-104,-104,-104,0,-104,-104,-104,-104,-104,-104,-104,-8,-104,-42,-42,-8,-8,-8,-31,-8,-42,-31,-33,-22,-8,-8,-8,-8,-8,-8,-8,-8,-8,-8,-8,-8,-8,-8,-8]} 1. e4 c5 2. Nf3 d6 3. d4 cxd4 4. Nxd4 Nf6 5. Nc3 a6 6. h3 e6 7. g4 h6 8. Bg2 g5 9. b3 {B81: Sicilian Scheveningen: Keres Attack} Nbd7 10. Bb2 Ne5 11. Qd2 {White is slightly better.} Qc7 12. O-O-O Bd7 13. Nce2 {[%cal Bc3e2,Be2f4,Bf4d3][%mdl 32]} Be7 14. f4 gxf4 15. Nxf4 O-O-O 16. Kb1 {[#]} Rdg8 $146 ({Predecessor:} 16... Kb8) 17. Nd3 {And now Nxe5 would win.} Be8 $1 18. Rhf1 Nfd7 19. Nf4 Kb8 20. Qe2 Rh7 21. Nh5 Rg6 22. Rfe1 Bh4 23. Rf1 Be7 $1 24. Qf2 Nf6 25. Nf4 Rg8 26. Qe2 (26. Bh1 $14) 26... h5 27. gxh5 Rgh8 {[%cal Rf6h5]} 28. Qe1 (28. Bf3 $5) 28... Nxh5 29. Nd3 Rg8 30. Qf2 Rhg7 31. Rg1 Nxd3 32. cxd3 Nf4 33. Qxf4 Rxg2 34. Rxg2 Rxg2 35. Qf3 Rg8 36. Ne2 Qc5 37. Bd4 Qb5 38. Rg1 Rxg1+ 39. Bxg1 f5 40. exf5 Bc6 $1 {[%cal Rc6f3]} 41. Qg3 Qxf5 42. Nd4 Qf1+ 43. Kc2 Bd7 44. Qg7 Qf6 45. Qxf6 Bxf6 $15 {[%mdl 4096] Endgame KBB-KBN} 46. Nf3 $1 e5 47. h4 Bg4 48. Nh2 Bh5 49. Bf2 Kc7 50. Nf1 d5 51. Nd2 Kd6 52. Kc3 Be2 53. b4 Ke6 54. Nb3 d4+ 55. Kc2 Bf3 56. Nc5+ Kf5 57. a4 Be7 58. Bg3 {[#]} (58. a5 $17) 58... a5 $1 $19 {[%mdl 512]} 59. Be1 (59. bxa5 Bxc5) 59... axb4 60. Bxb4 Bxh4 61. a5 Bc6 62. a6 bxa6 63. Nxa6 Kf4 64. Bd6 Bf6 65. Kd2 Kf3 66. Nc5 Bg5+ 67. Kc2 Bf4 68. Bb8 Kg4 69. Bc7 Kf5 70. Bd6 Bg5 71. Kd1 Bd8 72. Ke2 Ba5 73. Nb3 Bc3 74. Nc5 Bb5 75. Ne4 Ba5 76. Nc5 Be8 77. Kd1 Bh5+ 78. Kc2 Bf3 79. Nb3 Bd8 80. Nc5 Bg5 81. Bf8 Bf4 82. Bd6 Kg4 (82... Bd5 $17 {Threatening ...Bg3.} 83. Kb2 Bh6) 83. Ne6 (83. Nd7 $1 $11 {remains equal.}) 83... Bg3 $17 84. Nc5 Bc6 85. Kd2 Kf3 86. Bb8 Bf4+ 87. Kc2 Ke2 88. Bd6 Bg3 89. Bc7 Bf3 90. Nb3 {[#]} Ke3 (90... Kf2 $1 $17 {Strongly threatening ...Bd5.} 91. Nc5 Ke3) 91. Nc5 {[#]} (91. Nd2 $11) 91... Bg4 ({Better is} 91... Bd5 $1 $17 {aiming for ...Bh2.} 92. Bd6 Bf7) 92. Bd6 Ke2 {Hoping for ...Bf5.} 93. Nb3 Kf2 {White must now prevent ...Bf5.} 94. Bc7 Be2 {Black wants to play ...Ke3.} 95. Nc5 Ke3 96. Bd6 Bh2 97. Bc7 {The position is equal.} Kf2 98. Ne4+ Ke1 99. Ba5+ Kf1 {White should prevent ...Bg4.} 100. Bc7 Bf3 {Threatens to win with ...Bxe4.} 101. Nc5 Bg4 102. Nb3 Kg2 103. Bd6 Bf5 104. Nc5 {Accuracy: White = 67%, Black = 62%.} 1/2-1/2

[Event "FIDE Chesscom Grand Swiss 2019"]
[Site "Douglas-Isle of Man"]
[Date "2019.10.18"]
[Round "8.25"]
[White "Lei, Tingjie"]
[Black "Hansen, Eric"]
[Result "0-1"]
[WhiteElo "2469"]
[BlackElo "2611"]
[Annotator "TA"]
[PlyCount "46"]
[EventDate "2019.10.10"]
[EventType "swiss"]
[EventCountry "GBR"]
[SourceTitle "playchess.com"]
[Source "ChessBase"]
[SourceQuality "1"]

{[%evp 9,46,6,8,-8,-4,0,0,-16,0,-1,4,-56,-8,-67,-61,-102,-85,-105,-127,-95,-94,-185,-179,-250,-243,-241,-249,-563,-558,-533,-551,-6175,-4002,-6257,-5363,-3484,-2807,-2835,-2478]} 1. d4 Nf6 2. c4 e6 3. Nc3 Bb4 4. Qc2 d6 5. e4 c5 6. Nf3 {E32: Nimzo-Indian: Classical (4 Qc2): 4...0-0} cxd4 7. Nxd4 O-O 8. Bd2 $146 {The position is equal.} ({Predecessor:} 8. Bd3 Bc5 9. Nb3 Nc6 10. O-O h6 11. Qe2 e5 12. Nd5 Nxd5 13. cxd5 {½-½ (28) Kotanjian,T (2462)-Martirosyan,H (2635) Jermuk 2019}) 8... Nc6 9. Nxc6 bxc6 10. O-O-O (10. Be2 $11) 10... d5 11. exd5 ({White should try} 11. f3 $11) 11... cxd5 $15 12. cxd5 exd5 13. Bd3 Bd7 14. Kb1 Rc8 {Strongly threatening ...d4.} 15. Qb3 (15. Be3 $17 {was called for.}) 15... Rb8 $1 $19 16. Bg5 {[#]} (16. Bf4 {is a better defense.} Bd6 {[%mdl 64] Discovered Attack} 17. Bxd6 Rxb3 18. axb3) 16... d4 $1 {aiming for ...Bxc3.} 17. Bxf6 gxf6 ({Don't take} 17... Qxf6 18. Nd5 $17) 18. Bxh7+ $2 (18. Nb5 Qa5 19. Nxd4) 18... Kxh7 {Black is clearly winning.} 19. Qc2+ Kg7 {Threatens to win with ...Bxc3.} 20. Qd3 {intending Qg3+.} Bxc3 21. Qg3+ Kh6 22. Qh4+ {[#]} Kg6 $1 23. Qg3+ Kh5 0-1